| 000 | 00335nam a2200121Ia 4500 | ||
|---|---|---|---|
| 008 | 210430s9999 xx 000 0 und d | ||
| 020 | _a978-1-4398-5570-6 | ||
| 082 | _a621.38152 F331H | ||
| 100 |
_aZhe chuan feng _954660 |
||
| 245 |
_aHandbook of Zinc Oxide and Related materials _cZhe chuan feng |
||
| 300 | _a430 | ||
| 942 |
_cBK _2ddc |
||
| 999 |
_c565304 _d565304 |
||